000 01039nam a22002657a 4500
005 20240530110622.0
008 161225s2014 ua a g b 000 0 ara d
017 _a2013/16502
_bمصر. دار الكتب
020 _a9789777350600
040 _aEG-CaGPL
_cEG-CaGPL
082 0 4 _221
_a025\
_bو ن
100 _aوائل رفعت على محمد .
245 1 0 _aنظم تطوير خدمات المكتبات الحديثة /
_cوائل رفعت على محمد .
250 _aط.1
260 _aالاسكندرية :
_bدار الوفاء لدنيا الطباعة و النشر ،
_c2014 .
300 _a351 ص ؛
_c24 سم .
504 _aببليوجرافية : ص 347 - 349
650 0 7 _2qrmak
_aالمكتبات المدرسية .
650 0 7 _2qrmak
_aمصادر المعلومات .
650 0 7 _2qrmak
_aالمكتبات ، علم .
650 0 7 _2qrmak
_aخدمات المعلومات .
650 0 7 _2qrmak
_aالمكتبات الجامعية .
942 _2ddc
_cBK
999 _c63075
_d63075